000 00596nam a2200229Ia 4500
003 OSt
005 20220928102210.0
006 a|||||r|||| 00| 0
007 ta
008 220927b |||||||| |||| 00| 0 eng d
024 _a62250
037 _cTextual
040 _aSDCL
_cSDCL
_beng
041 _2eng
_aeng
082 _aDelta28x16, M5
100 _aDwivedi JankiPrasad
_9397097
245 0 _aMaharshi Valmiki
260 _aKanpur
_bGrantham
_c1985
300 _a147p
_ccm.
942 _hDelta28x16, M5
_cTEXL
_2CC
999 _c712884
_d712884